000 00610nam a2200217Ii 4500
003 JO-AjNU
008 230606s9999||||xx |||||||||||||| ||und||
020 _a81-7515-545-0
040 _aJO-AjNU
_beng
_erda
_cJO-AjNU
041 _aeng
050 1 4 _aQA76.9.D3.U44.2010
100 3 _aUllmann,Jeffrey,
_eauthor
_9701
245 0 0 _aPrinciples of Data Base SYSTEMS
250 _a3 ed
264 3 1 _aGalgotia pvt:new delhi,2010
300 _a670p
336 _atext
_btxt
_2rdacontent
337 _aunmediated
_bn
_2rdamedia
338 _avolume
_bnc
_2rdacarrier
650 4 _aPrinciples of Data Base SYSTEMS
_9702
999 _aE369
_c369
_d369